000 00670nam a2200205Ia 4500
001 2560
003 GE_BSU
008 181216s||||||||xx |||||||||||||| ||und||
020 _a9992802820
040 _cGE_BSU
080 _a581.9(479.22)
100 _aქვაჩაკიძე, რევაზ.
245 _aსაქართველოს მცენარეული საფარის ისტორია
260 _aთბილისი
260 _c2002
300 _a44 გვ.
541 _h2 ლ.
653 _aსაქართველოს მცენარეული საფარის ისტორია
942 _cBK
999 _c36640
_d36640